000 00307nam a22001337a 4500
008 180316b xxu||||| |||| 00| 0 eng d
020 _a0138544891
041 _aeng
080 _22nd
_a004
100 _a28
101 _aSHK
245 _aStructured computer organization
_cTanenbaum.A.S
942 _2udc
_cBK
999 _c45247
_d45247